000 00972nam a22002537a 4500
005 20170123164148.0
010 _aA-978337
020 _c80.00
035 _aA-978337
037 _bCen Lib/Ret
040 _aDPL
_bPN
082 _a851
_bਹਰਬੰ
100 _aਹਰਬੰਸ ਲਾਲ ਬੱਧਣ
_98394
245 _aਸੁਲਘਦਾ ਲਾਵਾ :
_cਹਰਬੰਸ ਲਾਲ ਬੱਧਣ
_bਕਵਿਤਾਵਾਂ
246 _aSulghada lawa : poetry /
_bby Harbans Singh Baddan
260 _a ਦਿੱਲੀ
_bਔਚ. ਕੇ. ਪ੍ਰਕਾਸ਼ਨ
_c2000
270 _a16/16 (1st Floor), ਗੀਤਾ ਕਾਲੋਨੀ,
_bਦਿੱਲੀ
_e110031
300 _a84p.
_c22cm(Hb)
650 _a ਸਾਹਿਤ--ਪੰਜਾਬੀ
_9124481
650 _aਪੰਜਾਬੀ -- ਕਵਿਤਾਆਂ
_9124482
650 _a Literature--Punjabi
_9124483
650 _aPunjabi -- Poetry
_9124484
942 _2ddc
_cPN
_h851
_mਹਰਬੰ
999 _c110183
_d110183